000 00297nam a2200133Ia 4500
008 221030s9999 xx 000 0 und d
041 _aEnglish
082 _a105.23
100 _aN. K. Singh
245 0 _aHuman Resource Management
_cby N. K. Singh
260 _c0
650 _aMb
942 _cBK
999 _c11137
_d11137